LIBRARY & INFORMATION CENTRE, KCAET, TAVANUR

ONLINE PUBLIC ACCESS CATALOGUE (OPAC)

Practical physics for the pre universtiy class / (Record no. 254)

MARC details
000 -LEADER
fixed length control field 00508cam a2200205ua 4500
041 ## - LANGUAGE CODE
Language code of text/sound track or separate title eng
082 ## - DEWEY DECIMAL CLASSIFICATION NUMBER
Classification number 530
Item number MAN/PR
100 ## - MAIN ENTRY--AUTHOR NAME
Personal name Manikkam, J P .
245 ## - TITLE STATEMENT
Title Practical physics for the pre universtiy class /
250 ## - EDITION STATEMENT
Edition statement 1 /
260 ## - PUBLICATION, DISTRIBUTION, ETC. (IMPRINT)
Place of publication Chennai :
Name of publisher S.Viswanathan ,
Year of publication 1957.
300 ## - PHYSICAL DESCRIPTION
Number of Pages 100 ; .
650 ## - SUBJECT ADDED ENTRY--TOPICAL TERM
Topical Term Physics
700 1# - ADDED ENTRY--PERSONAL NAME
Personal name Ouseph, C C.
942 ## - ADDED ENTRY ELEMENTS (KOHA)
Koha item type Books
Holdings
Withdrawn status Lost status Damaged status Home library Current library Date acquired Cost, normal purchase price Full call number Accession Number Koha item type
Withdrawn     KAUAET KAUAET 07/04/2012 1.00 530 7363 Books
free website counter